| 000 | 00536nam a2200145Ia 4500 | ||
|---|---|---|---|
| 008 | 170221s9999 xx 000 0 und d | ||
| 100 | _aHuat Wei Huang | ||
| 245 | _a“Made In China” Products and the Implication of Ethnic Identification Strength | ||
| 245 | _cHuat Wei Huang, Ernest Cyril de Run, Hiram Ting, Huong Sung Colin Ting | ||
| 260 | _bInternational Review of Management and Marketing | ||
| 260 | _c2014 | ||
| 300 | _a5 : 1 | ||
| 650 | _xMarketing. | ||
| 856 | _uhttp://www.econjournals.com/index.php/irmm/issue/view/82 | ||
| 999 |
_c313771 _d313771 |
||